الاسلام و الفن/ (رقم التسجيلة. 120592)

تفاصيل مارك
000 -LEADER
fixed length control field 00870cam a2200253 a 4500
003 - CONTROL NUMBER IDENTIFIER
control field EG-GiCUC
008 - FIXED-LENGTH DATA ELEMENTS--GENERAL INFORMATION
fixed length control field 100929s2006 ua g 000 0 ara d
017 ## - COPYRIGHT OR LEGAL DEPOSIT NUMBER
Copyright or legal deposit number 2006/5152
Assigning agency مصر . دار الكتب
020 ## - INTERNATIONAL STANDARD BOOK NUMBER
International Standard Book Number 9774081110
040 ## - CATALOGING SOURCE
Original cataloging agency EG-GiCUC
Language of cataloging ara
Transcribing agency EG-GiCUC
092 04 - LOCALLY ASSIGNED DEWEY CALL NUMBER (OCLC)
Classification number 214.7
Item number G4113
Edition number 21
099 ## - LOCAL FREE-TEXT CALL NUMBER (OCLC)
Classification number 04
-- 214.7 G4113
100 1# - MAIN ENTRY--PERSONAL NAME
Personal name الغمرى : حسام
245 12 - TITLE STATEMENT
Title الاسلام و الفن/
Statement of responsibility, etc. تأليف حسام الغمرى ؛ تقديم على جمعة
250 ## - EDITION STATEMENT
Edition statement ط1
260 ## - PUBLICATION, DISTRIBUTION, ETC.
Place of publication, distribution, etc. الجيزة :
Name of publisher, distributor, etc. دار الفاروق للاستثمارات الثقافية:
Date of publication, distribution, etc. 2006
300 ## - PHYSICAL DESCRIPTION
Extent 112ص؛
Dimensions 24سم
650 #7 - SUBJECT ADDED ENTRY--TOPICAL TERM
Topical term or geographic name entry element الاسلام و الفن
Source of heading or term qrmak
902 ## - LOCAL DATA ELEMENT B, LDB (RLIN)
No. of Items 2
905 ## - LOCAL DATA ELEMENT E, LDE (RLIN)
Cataloger ايمان
Reviser مراجع
905 ## - LOCAL DATA ELEMENT E, LDE (RLIN)
Cataloger عبير
Reviser مدخل
942 ## - ADDED ENTRY ELEMENTS (KOHA)
Source of classification or shelving scheme Dewey Decimal Classification
Koha item type Books
المقتنيات
Source of classification or shelving scheme Not for loan Home library Current library Date acquired Full call number Barcode Date last seen Copy number Koha item type
Dewey Decimal Classification   المكتبة المركزبة الجديدة - جامعة القاهرة قاعة الكتب - الدور الثاني 11.02.2024 214.7 G4113 01000100130392000 23.09.2023 C.1 Books
Dewey Decimal Classification   المكتبة المركزبة الجديدة - جامعة القاهرة قاعة الكتب - الدور الثاني 11.02.2024 214.7 G4113 01000100130393000 23.09.2023 C.2 Books
Cairo University Libraries Portal Implemented & Customized by: Eng. M. Mohamady Contacts: new-lib@cl.cu.edu.eg | cnul@cl.cu.edu.eg
CUCL logo CNUL logo
© All rights reserved — Cairo University Libraries
CUCL logo
Implemented & Customized by: Eng. M. Mohamady Contact: new-lib@cl.cu.edu.eg © All rights reserved — New Central Library
CNUL logo
Implemented & Customized by: Eng. M. Mohamady Contact: cnul@cl.cu.edu.eg © All rights reserved — Cairo National University Library